Reeducación social : la obra pedagógica de Josep Pedragosa / Félix F. Santolaria Sierra la obra pedagógica de Josep Pedragosa / Félix F. Santolaria Sierra
Publicado:
Barcelona :
Generalitat de Catalunya, Departament de Justícia, Direcció General de Protecció i Tutela de Menors ,
1984
Descripción Física:
307 p. : il. ; 21 cm
Colección:
Quaderns d'estudis i formació
MARC
| LEADER | 00000nam a2200000Ia 4500 | ||
|---|---|---|---|
| 001 | 1432 | ||
| 008 | 160829s1984 xx 000 0 cat d | ||
| 080 | |a E-1-105 | ||
| 100 | |a Santolaria Sierra, Félix F. |9 36307 | ||
| 245 | |a Reeducación social : |b la obra pedagógica de Josep Pedragosa / Félix F. Santolaria Sierra | ||
| 260 | |a Barcelona : |b Generalitat de Catalunya, Departament de Justícia, Direcció General de Protecció i Tutela de Menors, |c 1984 | ||
| 300 | |a 307 p. : |b il. ; |c 21 cm | ||
| 490 | |a Quaderns d'estudis i formació | ||
| 650 | |a Delinqüents |x Rehabilitació |9 36308 | ||
| 650 | 0 | |a Treball social amb els delinqüents |9 36309 | |
| 650 | |a Pedragosa i Monclús, Josep |9 36310 | ||
| 710 | 1 | |a Catalunya. |b Direcció General de Protecció i Tutela de Menors |9 54117 | |
| 901 | |a Arxiu | ||
| 942 | |n 1 | ||
| 952 | |0 0 |1 0 |4 0 |6 E1105 |7 1 |9 47282 |a Arxiu |b Arxiu |d 2016-12-01 |l 0 |o E-1-105 |p 1432 |r 2016-12-01 00:00:00 |w 2016-12-01 |y ARXIU | ||
| 999 | |c 51079 |d 51079 | ||